| 000 | 00592nam a2200169 i 4500 | ||
|---|---|---|---|
| 001 | 19650 | ||
| 003 | ES-MaACL | ||
| 007 | t| | ||
| 008 | 021007s1951 sp ||||1| spa d | ||
| 100 | 0 |
_aAbelló, José _918076 |
|
| 245 | 1 | 0 |
_aLesiones mínimas tuberculosas de pulmón _b: diagnóstico radiológico precoz... / _cpor el Dr. José Abello ; comentarios hechos por el Dr. Wilhelm Kremer. |
| 260 |
_aMadrid : _b[s.n.], _c1951 ( _fEstades) |
||
| 300 |
_a112 p., 15 lám. : _bil. ; _c22 cm. |
||
| 700 | 1 |
_aKremer, Wilhelm. _968807 |
|
| 852 |
_aES-MaACL _jC-5851 _bR.34684 |
||
| 999 |
_c19650 _d19650 |
||